Nos el Doctor D. Juan Cruz Ruiz de Cavañas, por la gracia de Dios y en la Santa Sede Apostólica obispo de Guadalaxara en el Nuevo Reyno de Galicia, del Consejo de S. M. &c. A nuestros muy amados curas, y á todos los eclesiásticos y fieles de ambos sexôs de nuestra cara grey salud paz y gracia en nuestro Señor Jesucristo. Sabed hermanos é hijos nuestros en el Señor, que desde el veinte y siete del prôximo pasado febrero en que tubimos el vivo placer de besar y bendecir la tierra de nuestra querida Diócesis, nos han ocupado tambien el deseo vehemente de dirigiros la voz sencilla de nuestra paternal benevolencia y solicitud pastoral, sin poderlo executar hasta ahora, por que las atenciones de nuestro viage, y otras bien importantes nos lo han impedido, á pesar de los amorosos movimientos de nuestro tierno y sensible corazon... Dado en la ciudad de Guadalaxara, á quatro de abril de mil ochocientos doce. Juan Cruz, obispo de Guadalaxara. Por mandado de S. S. I. el obispo mi Sôr. Dr. Toribio Gonzalez, secretario

Detalles Bibliográficos
Autor principal: Ruiz de Cabañas y Crespo, Juan Cruz, ob. de Guadalajara, 1752-1824
Formato: Libro
Lenguaje:Spanish
Publicado: s.l. : s.n., ca. 1812.
Materias:
Colección:Banco de datos
Acervo:Seminario Conciliar de Nuestra Señora de Guadalupe Querétaro. Qro.. Biblioteca Florencio Rosas. Fondo Reservado
Descripción Física:[6] h. ; 4°
Tema general:Cartas pastorales
Notas:Texto a renglón seguido con reclamos
LEADER 01807nam a22001930004500
035 |a 2735 
041 0 |a spa 
100 1 |a Ruiz de Cabañas y Crespo, Juan Cruz, ob. de Guadalajara, 1752-1824 
245 1 0 |a Nos el Doctor D. Juan Cruz Ruiz de Cavañas, por la gracia de Dios y en la Santa Sede Apostólica obispo de Guadalaxara en el Nuevo Reyno de Galicia, del Consejo de S. M. &c. A nuestros muy amados curas, y á todos los eclesiásticos y fieles de ambos sexôs de nuestra cara grey salud paz y gracia en nuestro Señor Jesucristo. Sabed hermanos é hijos nuestros en el Señor, que desde el veinte y siete del prôximo pasado febrero en que tubimos el vivo placer de besar y bendecir la tierra de nuestra querida Diócesis, nos han ocupado tambien el deseo vehemente de dirigiros la voz sencilla de nuestra paternal benevolencia y solicitud pastoral, sin poderlo executar hasta ahora, por que las atenciones de nuestro viage, y otras bien importantes nos lo han impedido, á pesar de los amorosos movimientos de nuestro tierno y sensible corazon... Dado en la ciudad de Guadalaxara, á quatro de abril de mil ochocientos doce. Juan Cruz, obispo de Guadalaxara. Por mandado de S. S. I. el obispo mi Sôr. Dr. Toribio Gonzalez, secretario 
260 |a s.l. : s.n., ca. 1812.  
300 |a [6] h. ; 4° 
500 |a Texto a renglón seguido con reclamos 
501 |a 17 obras 
504 |a Este documento impreso no tiene portada sino una rúbrica o título de partida al comienzo del texto de donde se ha tomado el título, mientras que el año del colofón del texto 
650 1 0 |a Cartas pastorales 
949 |a Fondo Reservado: 6094-J 
942 |c QUER-RES 
943 |g Seminario Conciliar de Nuestra Señora de Guadalupe Querétaro. Qro.. Biblioteca Florencio Rosas. Fondo Reservado 
999 |c 1110399  |d 1110399